[Event "Montcalm 5 2022-23"]
[Site "Quebec CAN"]
[Date "2023.03.09"]
[Round "4"]
[White "Gagnon-Paradis, Ulysse"]
[Black "Auger, Bertrand"]
[Result "0-1"]
[WhiteElo "1617"]
[BlackElo "2036"]
[PlyCount "62"]
[EventDate "2023.02.16"]
[EventType "swiss"]
[EventRounds "5"]
[EventCountry "CAN"]

1. d4 Nf6 2. Bf4 b6 3. Nf3 Bb7 4. e3 g6 5. Bd3 Bg7 6. Nbd2 O-O 7. e4 d6 8. O-O
Nbd7 9. h3 c5 10. c3 cxd4 11. cxd4 Rc8 12. Qe2 Nh5 13. Be3 e5 14. Ba6 Bxa6 15.
Qxa6 Rc2 16. Rab1 exd4 17. Bxd4 Bxd4 18. Qa4 Rxd2 19. Nxd2 Nf4 20. Nf3 Nc5 21.
Qxa7 Be5 22. Rfd1 Qf6 23. Qxb6 Nxh3+ 24. Kf1 Nxe4 25. Nxe5 Ng3+ 26. Ke1 Nxf2
27. Qxd6 Qg5 28. Qd4 Nxd1 29. Rxd1 Re8 30. Kf2 Rxe5 31. Qd8+ Kg7 0-1

[Event "Montcalm 5 2022-23"]
[Site "Quebec CAN"]
[Date "2023.03.09"]
[Round "4"]
[White "Gauthier-Andersen, Gabriel"]
[Black "Lapierre, Gaetan"]
[Result "1-0"]
[WhiteElo "1298"]
[BlackElo "1824"]
[PlyCount "53"]
[EventDate "2023.02.16"]
[EventType "swiss"]
[EventRounds "5"]
[EventCountry "CAN"]

1. e4 d6 2. d4 Nf6 3. Nc3 g6 4. Nf3 Bg7 5. Bc4 O-O 6. O-O c6 7. d5 b5 8. Bb3 b4
9. Ne2 Nxe4 10. dxc6 e6 11. Nfd4 Ba6 12. Bxe6 fxe6 13. Nxe6 Qe7 14. Nxf8 Kxf8
15. Re1 Qc7 16. Nd4 Nc5 17. Ne6+ Nxe6 18. Rxe6 Be5 19. Bh6+ Kf7 20. Qd5 Qxc6
21. Rxe5+ Qxd5 22. Rxd5 Nd7 23. Rxd6 Bc8 24. Re1 Rb8 25. Bg5 Nc5 26. Re7+ Kg8
27. Rd8# 1-0

[Event "Montcalm 5 2022-23"]
[Site "Quebec CAN"]
[Date "2023.03.09"]
[Round "4"]
[White "Oliver, Vance"]
[Black "Plante, Rejean"]
[Result "0-1"]
[WhiteElo "1585"]
[BlackElo "1916"]
[PlyCount "68"]
[EventDate "2023.02.16"]
[EventType "swiss"]
[EventRounds "5"]
[EventCountry "CAN"]

1. e4 c5 2. Nf3 Nc6 3. d4 cxd4 4. Nxd4 Qb6 5. c3 Nf6 6. Qd3 a6 7. Be2 e6 8. O-O
d5 9. exd5 Nxd4 10. cxd4 Nxd5 11. a3 Bd6 12. Nc3 Nf4 13. Bxf4 Bxf4 14. Na4 Qd8
15. Qe4 Bc7 16. Rfd1 O-O 17. Rac1 Qd6 18. Qh4 Bd7 19. Bd3 f5 20. Bc2 Bc6 21.
Bb3 Rad8 22. Rc3 Rf6 23. Rg3 Kh8 24. Qg5 Qf8 25. Rh3 Qe8 26. Qe3 Bxa4 27. Bxa4
Qxa4 28. Qd3 Bb6 29. Rh4 Qd7 30. Qh3 h6 31. Qb3 e5 32. d5 Bd4 33. Qb4 Qxd5 34.
Qe1 Bxf2+ 0-1

[Event "Montcalm 5 2022-23"]
[Site "Quebec CAN"]
[Date "2023.03.09"]
[Round "4"]
[White "Sarra-Bournet, Marc"]
[Black "Laflamme, Simon"]
[Result "1/2-1/2"]
[WhiteElo "1831"]
[BlackElo "1869"]
[PlyCount "90"]
[EventDate "2023.02.16"]
[EventType "swiss"]
[EventRounds "5"]
[EventCountry "CAN"]

1. e4 d5 2. exd5 Qxd5 3. Nc3 Qa5 4. d4 c6 5. Bd2 Nf6 6. Nf3 Bf5 7. Bc4 e6 8.
O-O Nbd7 9. Nd5 Qd8 10. Ne3 Bg6 11. Qe2 Bd6 12. d5 cxd5 13. Nxd5 Nxd5 14. Bxd5
O-O 15. Be4 Bxe4 16. Qxe4 Nc5 17. Qg4 e5 18. b4 Ne6 19. c4 f5 20. Qh5 e4 21.
Ng5 Nxg5 22. Bxg5 Qe8 23. Qxe8 Raxe8 24. c5 Be5 25. Rad1 h6 26. Bc1 Rd8 27. b5
Kf7 28. c6 bxc6 29. bxc6 Rxd1 30. Rxd1 Rc8 31. Rd7+ Ke6 32. Rxa7 Rxc6 33. Ba3
Rc2 34. Ra6+ Kd5 35. Ra5+ Kd4 36. Kf1 f4 37. Ra8 e3 38. Rd8+ Ke4 39. fxe3 fxe3
40. Re8 Rxa2 41. Bd6 Ra1+ 42. Ke2 Ra2+ 43. Kf1 Ra1+ 44. Ke2 Ra2+ 45. Kf1 Ra1+
1/2-1/2

[Event "Montcalm 5 2022-23"]
[Site "Quebec CAN"]
[Date "2023.03.09"]
[Round "4"]
[White "Talbot, Raymond"]
[Black "Mercure, Gilbert"]
[Result "0-1"]
[WhiteElo "1702"]
[BlackElo "1840"]
[PlyCount "28"]
[EventDate "2023.02.16"]
[EventType "swiss"]
[EventRounds "5"]
[EventCountry "CAN"]

1. e4 d5 2. exd5 Nf6 3. d4 Bg4 4. Nf3 Qxd5 5. Be2 Nc6 6. c3 O-O-O 7. O-O Qh5 8.
Qc2 e6 9. Bf4 Bd6 10. Bxd6 Rxd6 11. Nbd2 e5 12. b3 e4 13. h3 exf3 14. hxg4 Nxg4
0-1

[Event "Montcalm 5 2022-23"]
[Site "Quebec CAN"]
[Date "2023.03.16"]
[Round "5"]
[White "Auger, Bertrand"]
[Black "Lescarbeau, Martin"]
[Result "0-1"]
[WhiteElo "2036"]
[BlackElo "1749"]
[PlyCount "78"]
[EventDate "2023.02.16"]
[EventType "swiss"]
[EventRounds "5"]
[EventCountry "CAN"]

1. Nf3 Nf6 2. g3 e6 3. Bg2 d5 4. O-O Be7 5. c4 O-O 6. d4 dxc4 7. a4 c5 8. Na3
Nc6 9. dxc5 Bxc5 10. Bg5 Qxd1 11. Rfxd1 Ne4 12. Rf1 f6 13. Bc1 Rd8 14. e3 Nd6
15. Nd2 Ne5 16. Ne4 Nxe4 17. Bxe4 Bxa3 18. Rxa3 Rb8 19. Rc3 b6 20. f4 Nf7 21.
Bc2 Bb7 22. e4 Rbc8 23. Re1 e5 24. h4 a6 25. Be3 b5 26. axb5 axb5 27. b3 cxb3
28. Rxc8 Rxc8 29. Bxb3 Rc3 30. Be6 Kf8 31. Bd2 Rxg3+ 32. Kf2 exf4 33. Bb4+ Ke8
34. Bd5 Bxd5 35. exd5+ Ne5 36. Re4 Rb3 37. Bd2 Kd7 38. h5 Kd6 39. h6 g5 0-1

[Event "Montcalm 5 2022-23"]
[Site "Quebec CAN"]
[Date "2023.03.16"]
[Round "5"]
[White "Boyer, Vincent"]
[Black "Lapierre, Gaetan"]
[Result "0-1"]
[WhiteElo "1251"]
[BlackElo "1824"]
[PlyCount "64"]
[EventDate "2023.02.16"]
[EventType "swiss"]
[EventRounds "5"]
[EventCountry "CAN"]

1. d4 Nf6 2. Bf4 b6 3. e3 Bb7 4. Nd2 e6 5. c3 Be7 6. Qe2 d5 7. Ngf3 O-O 8. Ne5
c5 9. g4 Ne4 10. Nxe4 dxe4 11. O-O-O Qc8 12. h4 cxd4 13. Rxd4 f6 14. Bg2 fxe5
15. Bxe5 Bf6 16. Bxf6 Rxf6 17. Bxe4 Bxe4 18. Rxe4 Qa6 19. Qxa6 Nxa6 20. f4 Rd8
21. g5 Nc5 22. gxf6 Nxe4 23. fxg7 Kxg7 24. Rg1+ Kf7 25. Rg2 Rd3 26. Re2 Kf6 27.
Kc2 Rd7 28. b4 Rg7 29. Kd3 Kf5 30. a4 Rd7+ 31. Kc4 Rc7+ 32. Kb5 Nxc3+ 0-1

[Event "Montcalm 5 2022-23"]
[Site "Quebec CAN"]
[Date "2023.03.16"]
[Round "5"]
[White "Cournoyer, Dominic"]
[Black "Demushkina, Alina"]
[Result "1-0"]
[WhiteElo "1939"]
[BlackElo "1660"]
[PlyCount "122"]
[EventDate "2023.02.16"]
[EventType "swiss"]
[EventRounds "5"]
[EventCountry "CAN"]

1. c4 e5 2. Nc3 Nf6 3. Nf3 Nc6 4. g3 d5 5. cxd5 Nxd5 6. Bg2 Be6 7. O-O Bc5 8.
d3 h6 9. Nd2 O-O 10. Nde4 Be7 11. Na4 b6 12. Nac3 Rc8 13. a3 Qd7 14. b4 Nxc3
15. Nxc3 Nd4 16. Bb2 Bg5 17. h4 Bb3 18. Qe1 Nc2 19. Qb1 Be7 20. Ne4 Nxa1 21.
Bxa1 Qa4 22. Qb2 Bf6 23. Nc3 e4 24. Nxa4 Bxb2 25. Nxb2 exd3 26. Nxd3 c5 27.
bxc5 bxc5 28. Nf4 Rfd8 29. Bc3 g5 30. hxg5 hxg5 31. Nh5 Kh7 32. Nf6+ Kg6 33.
Be4+ Kh6 34. g4 Rd1 35. Rxd1 Bxd1 36. e3 Kg7 37. f3 Kf8 38. Nh7+ Ke8 39. Nxg5
Rb8 40. Bd5 Bb3 41. Bc6+ Ke7 42. Ne4 Rb6 43. Ba8 c4 44. Bb4+ Ke6 45. Nc3 Rb8
46. Bd5+ Kf6 47. Kf2 a6 48. f4 Kg6 49. g5 f6 50. gxf6 Kxf6 51. e4 Rh8 52. Kg3
Rh6 53. Bc5 Rg6+ 54. Kf3 Rh6 55. e5+ Kf5 56. Be4+ Ke6 57. Kg3 a5 58. Bd6 Rh8
59. f5+ Kf7 60. Bd5+ Ke8 61. f6 Bc2 1-0

[Event "Montcalm 5 2022-23"]
[Site "Quebec CAN"]
[Date "2023.03.16"]
[Round "5"]
[White "Diotte, Jean-Raymond"]
[Black "Bernier, David"]
[Result "1/2-1/2"]
[WhiteElo "1378"]
[BlackElo "997"]
[PlyCount "116"]
[EventDate "2023.02.16"]
[EventType "swiss"]
[EventRounds "5"]
[EventCountry "CAN"]

1. c4 e5 2. g3 Nf6 3. Bg2 Nc6 4. Nc3 Bc5 5. a3 Ng4 6. e3 d6 7. b4 Bb6 8. Nd5
O-O 9. Nxb6 axb6 10. Ne2 Be6 11. Bxc6 bxc6 12. Qc2 Qf6 13. O-O Qh6 14. h4 f6
15. f3 g5 16. fxg4 gxh4 17. Qe4 d5 18. Qh1 h3 19. Nc3 Rad8 20. cxd5 cxd5 21. d4
e4 22. Rf4 Rd7 23. Bb2 Rg7 24. Raf1 Rxg4 25. Kh2 f5 26. Qg1 Rf7 27. Rxg4+ fxg4
28. Rf4 Qg5 29. b5 h5 30. Ne2 Qd8 31. Qf2 Qe8 32. Rxf7 Bxf7 33. a4 Qa8 34. Nc3
c6 35. bxc6 Qxc6 36. Qf4 Qg6 37. Ba3 Qg7 38. Qb8+ Kh7 39. Bd6 Qf6 40. Bf4 Bg8
41. Qd6 Kg6 42. Qxf6+ Kxf6 43. Bc7 Ke7 44. Bxb6 Kd7 45. a5 Kc6 46. Ne2 Kb7 47.
Nf4 Bf7 48. Kh1 Ka6 49. Kh2 Kb5 50. Nxh3 gxh3 51. Kxh3 Ka6 52. Kh4 Kb7 53. Kg5
Kc6 54. Kf6 Be8 55. Ke7 Bg6 56. Kd8 Bf5 57. Ke7 Bc8 58. Kf6 Bg4 1/2-1/2

[Event "Montcalm 5 2022-23"]
[Site "Quebec CAN"]
[Date "2023.03.16"]
[Round "5"]
[White "Fecteau, Martin"]
[Black "Sauve, Richard"]
[Result "1/2-1/2"]
[WhiteElo "1912"]
[BlackElo "1965"]
[PlyCount "140"]
[EventDate "2023.02.16"]
[EventType "swiss"]
[EventRounds "5"]
[EventCountry "CAN"]

1. d4 d5 2. c4 e6 3. Nf3 Nf6 4. e3 c5 5. cxd5 exd5 6. Bb5+ Nc6 7. Qa4 Bd7 8.
O-O cxd4 9. exd4 Be7 10. Ne5 Nxe5 11. dxe5 Ne4 12. Be3 Bxb5 13. Qxb5+ Qd7 14.
Qe2 O-O 15. Bd4 f6 16. exf6 Bxf6 17. Bxf6 Nxf6 18. Nc3 Rfe8 19. Qd3 Rad8 20.
Qd4 b6 21. Rad1 Qc7 22. Qa4 Qd7 23. Qb3 Qe6 24. Rd4 Rd7 25. h3 Red8 26. Rfd1
Kh8 27. Qc2 Qf7 28. Qd2 Kg8 29. Qg5 h6 30. Qh4 Qg6 31. Qf4 Qh5 32. Kh2 Qf7 33.
Qd2 Qe6 34. g3 Qf7 35. Qf4 Qg6 36. g4 Kh7 37. h4 Kg8 38. h5 Qe8 39. Qf5 Qf7 40.
Kg3 Kf8 41. Rh1 Ne4+ 42. Nxe4 Qxf5 43. gxf5 dxe4 44. Rxe4 Rd2 45. Ra4 a5 46. b3
R8d3+ 47. f3 Rc2 48. Re1 Rcc3 49. Rf4 Rc2 50. Re6 Rxa2 51. Rxb6 Rb2 52. Rb5
Rbxb3 53. Rxa5 Kf7 54. Ra6 Ra3 55. Rg6 Rd1 56. Rfg4 Rg1+ 57. Kf2 Rxg4 58. fxg4
Ra4 59. Kg3 Ra3+ 60. Kh4 Rf3 61. Ra6 Rf1 62. Kg3 Rg1+ 63. Kf3 Rf1+ 64. Kg2 Rf4
65. Kg3 Rf1 66. Rg6 Ra1 67. f6 gxf6 68. Rxh6 Ra3+ 69. Kh4 Ra4 70. Kg3 Ra3+
1/2-1/2

[Event "Montcalm 5 2022-23"]
[Site "Quebec CAN"]
[Date "2023.03.16"]
[Round "5"]
[White "Gagnon-Paradis, Ulysse"]
[Black "Pepin, Pierre-Luc"]
[Result "1-0"]
[WhiteElo "1617"]
[BlackElo "1170"]
[PlyCount "71"]
[EventDate "2023.02.16"]
[EventType "swiss"]
[EventRounds "5"]
[EventCountry "CAN"]

1. d4 d5 2. Bf4 c6 3. Nf3 Nd7 4. c4 Nb6 5. c5 Nd7 6. Nc3 e6 7. e3 Ngf6 8. Bd3
Be7 9. b4 O-O 10. h3 b6 11. O-O a5 12. a3 axb4 13. axb4 Bb7 14. Qc2 g6 15. Qb2
Kg7 16. Rxa8 Qxa8 17. Ra1 Qd8 18. Ra7 Qc8 19. Qa3 b5 20. Qa5 Bd8 21. Qa1 Bc7
22. Bg5 e5 23. dxe5 Nxe5 24. Nxe5 Bxe5 25. f4 h6 26. fxe5 hxg5 27. exf6+ Kh6
28. Nd1 Qd7 29. Nf2 Rb8 30. Qe5 Re8 31. Rxb7 Rxe5 32. Rxd7 Rxe3 33. Ng4+ Kh5
34. Nxe3 Kh6 35. Rxf7 Kh5 36. Rh7# 1-0

[Event "Montcalm 5 2022-23"]
[Site "Quebec CAN"]
[Date "2023.03.16"]
[Round "5"]
[White "Laflamme, Simon"]
[Black "Berube, Antoine"]
[Result "1/2-1/2"]
[WhiteElo "1869"]
[BlackElo "2162"]
[PlyCount "133"]
[EventDate "2023.02.16"]
[EventType "swiss"]
[EventRounds "5"]
[EventCountry "CAN"]

1. d4 d5 2. c4 c6 3. Nc3 Nf6 4. cxd5 cxd5 5. Bf4 Nc6 6. e3 a6 7. Bd3 Bg4 8.
Nge2 e6 9. O-O Be7 10. Rc1 O-O 11. Qb3 Na5 12. Qc2 Rc8 13. Ng3 g6 14. f3 Bf5
15. Rfe1 Bxd3 16. Qxd3 b5 17. a4 b4 18. Nb1 Qb6 19. b3 Rc6 20. Ne2 Rfc8 21.
Rxc6 Rxc6 22. Rc1 Ne8 23. Nd2 f6 24. Kf2 Kf7 25. Qb1 Rxc1 26. Qxc1 Qc6 27. Qxc6
Nxc6 28. e4 Bd8 29. Ke3 Bb6 30. Kd3 g5 31. Be3 Nc7 32. g4 Ne8 33. Ng3 Nd6 34.
h3 Bc7 35. Bf2 Nc8 36. Ne2 N8e7 37. Nf1 Bb6 38. Be3 Na5 39. Nd2 Ng6 40. Bf2 Bc7
41. Kc2 Bf4 42. Nxf4 Nxf4 43. h4 gxh4 44. Bxh4 Nc6 45. Bf2 Kg6 46. Nf1 h5 47.
Be3 Ng2 48. gxh5+ Kxh5 49. Bf2 Nh4 50. Nd2 f5 51. Kd3 Na5 52. Ke3 Ng2+ 53. Ke2
fxe4 54. fxe4 dxe4 55. Nxe4 Nxb3 56. Nc5 Nf4+ 57. Kd1 Nxc5 58. dxc5 Nd5 59. c6
Kg6 60. a5 Kf7 61. Kc2 Ke7 62. Bc5+ Kd8 63. Bd6 Ke8 64. Kb3 Kd8 65. Kc4 Kc8 66.
Kb3 Kd8 67. Kc4 1/2-1/2

[Event "Montcalm 5 2022-23"]
[Site "Quebec CAN"]
[Date "2023.03.16"]
[Round "5"]
[White "Oliver, Vance"]
[Black "Dumont, Eric"]
[Result "0-1"]
[WhiteElo "1585"]
[BlackElo "1768"]
[PlyCount "77"]
[EventDate "2023.02.16"]
[EventType "swiss"]
[EventRounds "5"]
[EventCountry "CAN"]

1. e4 c6 2. d4 d5 3. e5 Bf5 4. Nf3 e6 5. Be2 c5 6. O-O cxd4 7. Nxd4 Ne7 8. Bf4
Qb6 9. Bb5+ Nbc6 10. Bxc6+ bxc6 11. Nb3 Ng6 12. Bg3 Be7 13. Nc3 c5 14. Qd2 O-O
15. a4 h6 16. a5 Qc6 17. Qe2 a6 18. Na4 Ra7 19. Rfc1 Bg5 20. Rf1 Be7 21. Rfc1
Rb8 22. Ra3 Rb4 23. Nb6 Re4 24. Qf3 c4 25. Raa1 cxb3 26. cxb3 Qb5 27. Qc3 Bg5
28. Qc8+ Kh7 29. Rc5 Qe2 30. Rf1 Rg4 31. Nxd5 Rxg3 32. hxg3 Bd3 33. Rfc1 Bxc1
34. Rxc1 exd5 35. Qc5 Re7 36. Qxd5 Rxe5 37. Qa8 Be4 38. Qd8 Rh5 39. b4 0-1

[Event "Montcalm 5 2022-23"]
[Site "Quebec CAN"]
[Date "2023.03.16"]
[Round "5"]
[White "Sarra-Bournet, Marc"]
[Black "Plante, Rejean"]
[Result "1-0"]
[WhiteElo "1831"]
[BlackElo "1916"]
[PlyCount "43"]
[EventDate "2023.02.16"]
[EventType "swiss"]
[EventRounds "5"]
[EventCountry "CAN"]

1. e4 d5 2. exd5 Qxd5 3. Nc3 Qd6 4. d4 Nf6 5. Be2 a6 6. Nf3 Nc6 7. O-O e6 8.
Bg5 Be7 9. Qd2 b5 10. Bxf6 Bxf6 11. Ne4 Qe7 12. Nxf6+ Qxf6 13. Rfe1 O-O 14. Ne5
Nxe5 15. dxe5 Qe7 16. Bf3 Rb8 17. Rad1 Rb6 18. Re3 c5 19. Be4 f5 20. exf6 gxf6
21. Rg3+ Kh8 22. Bxh7 1-0

[Event "Montcalm 6 2022-23"]
[Site "Quebec CAN"]
[Date "2023.03.23"]
[Round "1"]
[White "Bernier, David"]
[Black "Servant, Michel"]
[Result "0-1"]
[WhiteElo "1085"]
[BlackElo "1725"]
[PlyCount "106"]
[EventDate "2023.03.23"]
[EventType "swiss"]
[EventRounds "5"]
[EventCountry "CAN"]

1. e4 c5 2. Nf3 d6 3. d4 cxd4 4. Nxd4 Nf6 5. Nc3 a6 6. Be3 e5 7. Nb3 Be6 8. f3
Nbd7 9. g4 h6 10. Qd2 Be7 11. O-O-O b5 12. Kb1 Qc7 13. h4 b4 14. Nd5 Bxd5 15.
exd5 a5 16. Be2 Nb6 17. Bb5+ Kf8 18. Bc6 Nc4 19. Qe2 Nxe3 20. Qxe3 Ra6 21. Qe2
Qb6 22. Rhf1 g6 23. Qc4 a4 24. Nc1 Kg7 25. Nd3 Rb8 26. g5 hxg5 27. hxg5 Nh5 28.
Rg1 b3 29. cxb3 axb3 30. a3 Ra5 31. Qe4 Qd8 32. Qg4 Qb6 33. Qe4 Qa7 34. Rdf1
Bd8 35. Qg4 Bb6 36. Rh1 Rh8 37. f4 Bd4 38. Qe2 Rxa3 39. bxa3 Qxa3 40. Nb2 Qa2+
41. Kc1 Qa1+ 42. Kd2 Qxb2+ 43. Kd1 Qa1+ 44. Kd2 Qa2+ 45. Kd1 Qxe2+ 46. Kxe2
Ng3+ 47. Kd1 Rxh1 48. Rxh1 Nxh1 49. fxe5 Bxe5 50. Ba4 b2 51. Kc2 Nf2 52. Kb1
Ne4 53. Bc2 Nxg5 0-1

[Event "Montcalm 6 2022-23"]
[Site "Quebec CAN"]
[Date "2023.03.23"]
[Round "1"]
[White "Boissinot, Claude"]
[Black "Mercure, Gilbert"]
[Result "1-0"]
[WhiteElo "1511"]
[BlackElo "1801"]
[PlyCount "51"]
[EventDate "2023.03.23"]
[EventType "swiss"]
[EventRounds "5"]
[EventCountry "CAN"]

1. e4 d5 2. exd5 Nf6 3. d4 Bg4 4. Be2 Bxe2 5. Nxe2 Qxd5 6. O-O Nc6 7. Nbc3 Qh5
8. h3 O-O-O 9. Be3 e5 10. d5 Nb4 11. Nb5 Rxd5 12. Nxa7+ Kb8 13. Qe1 Nxc2 14.
Qc3 Nxe3 15. Qxe3 Bc5 16. Nc6+ bxc6 17. Qb3+ Bb6 18. Nc3 Rd2 19. a4 Ka7 20. a5
Bd4 21. Qc4 Rb8 22. Qxc6 Bxc3 23. Qxc7+ Rb7 24. Qc5+ Kb8 25. a6 Ra7 26. Qb6+
1-0

[Event "Montcalm 6 2022-23"]
[Site "Quebec CAN"]
[Date "2023.03.23"]
[Round "1"]
[White "Demushkina, Alina"]
[Black "Auger, Bertrand"]
[Result "0-1"]
[WhiteElo "1715"]
[BlackElo "1981"]
[PlyCount "76"]
[EventDate "2023.03.23"]
[EventType "swiss"]
[EventRounds "5"]
[EventCountry "CAN"]

1. e4 e6 2. d4 d5 3. exd5 exd5 4. Nf3 Bd6 5. h3 Ne7 6. Bd3 O-O 7. O-O Bf5 8.
Nc3 c6 9. Ne2 Bxd3 10. Qxd3 Qc7 11. Bg5 Ng6 12. Nh4 Nxh4 13. Bxh4 f5 14. f4 Qf7
15. Bg3 Nd7 16. Kh1 Rae8 17. Rae1 Qg6 18. Ng1 Re4 19. Bh2 Qh6 20. g3 Rfe8 21.
Qd2 Qh5 22. h4 Nf6 23. Rxe4 dxe4 24. Qe2 Ng4 25. Nh3 Qf7 26. a3 e3 27. c3 Qd5+
28. Kg1 c5 29. dxc5 Bxc5 30. Ng5 b5 31. Nf3 Qc4 32. Re1 Rd8 33. Kg2 Qe4 34. Rd1
Rxd1 35. Qxd1 e2 36. Qd8+ Bf8 37. Qd2 Nxh2 38. Kxh2 Qxf3 0-1

[Event "Montcalm 6 2022-23"]
[Site "Quebec CAN"]
[Date "2023.03.23"]
[Round "1"]
[White "Dumont, Eric"]
[Black "Fleury, Dominic"]
[Result "0-1"]
[WhiteElo "1776"]
[BlackElo "1390"]
[PlyCount "104"]
[EventDate "2023.03.23"]
[EventType "swiss"]
[EventRounds "5"]
[EventCountry "CAN"]

1. d4 d5 2. Bf4 Nf6 3. e3 Nc6 4. Nd2 Bf5 5. c3 e6 6. Ngf3 Be7 7. h3 h6 8. Ne5
Nxe5 9. Bxe5 Bd6 10. Nf3 O-O 11. Bd3 Ne4 12. Qc2 Bxe5 13. dxe5 c5 14. O-O-O Qa5
15. g4 c4 16. gxf5 cxd3 17. Rxd3 Qxa2 18. f6 Qa1+ 19. Qb1 Qxb1+ 20. Kxb1 Nxf2
21. Rg1 Nxd3 22. Rxg7+ Kh8 23. Kc2 Nf2 24. Ng1 Rac8 25. Nf3 Rc7 26. Nh4 Rg8 27.
Ng6+ fxg6 28. Rxc7 Nxh3 29. Re7 Ng5 30. f7 Rf8 31. Rxb7 Rxf7 32. Rb8+ Kg7 33.
Re8 h5 34. e4 dxe4 35. c4 h4 36. c5 h3 37. Rd8 h2 38. Rd1 Nf3 39. Rh1 e3 40.
Kd3 g5 41. Kxe3 g4 42. Kf2 Kg6 43. Kg3 Kg5 44. Rc1 Rh7 45. Kg2 Nxe5 46. Rh1 Kf4
47. b4 g3 48. b5 Rb7 49. Rf1+ Kg4 50. c6 Rxb5 51. Rc1 Rb2+ 52. Kh1 Kh3 0-1

[Event "Montcalm 6 2022-23"]
[Site "Quebec CAN"]
[Date "2023.03.23"]
[Round "1"]
[White "Gauthier-Andersen, Gabriel"]
[Black "Lapierre, Gaetan"]
[Result "0-1"]
[WhiteElo "1365"]
[BlackElo "1768"]
[PlyCount "86"]
[EventDate "2023.03.23"]
[EventType "swiss"]
[EventRounds "5"]
[EventCountry "CAN"]

1. e4 d5 2. exd5 Nf6 3. Nc3 Nxd5 4. Nxd5 Qxd5 5. d4 Nc6 6. Be3 e6 7. Nf3 Be7 8.
Be2 O-O 9. O-O Bf6 10. c3 Ne7 11. Bd3 c6 12. Qc2 g6 13. a4 Bg7 14. Ng5 h6 15.
Ne4 f5 16. Nc5 b6 17. Nb3 f4 18. Bd2 g5 19. Be4 Qd7 20. a5 Rb8 21. axb6 axb6
22. Rfe1 Nd5 23. Bf3 Qf7 24. c4 Nf6 25. Bxc6 Qh5 26. Bf3 g4 27. Re5 Qh4 28. g3
fxg3 29. fxg3 gxf3 30. gxh4 f2+ 31. Kf1 Ng4 32. Re2 Bb7 33. Re4 Bxe4 34. Qxe4
Nxh2+ 35. Kg2 f1=Q+ 36. Rxf1 Nxf1 37. Qxe6+ Kh7 38. Qe4+ Kh8 39. Bf4 Rbe8 40.
Be5 Bxe5 41. dxe5 Re7 42. Qd4 Rg7+ 43. Kh3 Rf3# 0-1

[Event "Montcalm 6 2022-23"]
[Site "Quebec CAN"]
[Date "2023.03.23"]
[Round "1"]
[White "Lescarbeau, Martin"]
[Black "Brown, Zachary"]
[Result "1-0"]
[WhiteElo "1846"]
[BlackElo "1517"]
[PlyCount "63"]
[EventDate "2023.03.23"]
[EventType "swiss"]
[EventRounds "5"]
[EventCountry "CAN"]

1. d4 Nf6 2. c4 g6 3. Nc3 d5 4. cxd5 Nxd5 5. e4 Nxc3 6. bxc3 Bg7 7. Rb1 c5 8.
Be3 O-O 9. Bc4 Nc6 10. Ne2 Qc7 11. Bd3 Rd8 12. d5 Ne5 13. O-O Nxd3 14. Qxd3 e6
15. c4 exd5 16. cxd5 b6 17. Rfc1 Qe7 18. Qc4 Bb7 19. a4 Re8 20. Ng3 Be5 21. f4
Bc7 22. e5 Rad8 23. Bxc5 Qxc5+ 24. Qxc5 bxc5 25. Rxb7 Bb6 26. Ne4 Rf8 27. Nf6+
Kg7 28. g4 h6 29. h4 Rb8 30. Rxb8 Rxb8 31. Rb1 Rd8 32. Kf1 1-0

[Event "Montcalm 6 2022-23"]
[Site "Quebec CAN"]
[Date "2023.03.23"]
[Round "1"]
[White "Oliver, Vance"]
[Black "Fecteau, Martin"]
[Result "0-1"]
[WhiteElo "1593"]
[BlackElo "1905"]
[PlyCount "84"]
[EventDate "2023.03.23"]
[EventType "swiss"]
[EventRounds "5"]
[EventCountry "CAN"]

1. e4 c5 2. Nf3 a6 3. d4 cxd4 4. Nxd4 Nf6 5. Nc3 d6 6. Be2 g6 7. O-O Bg7 8. Be3
O-O 9. f4 Nc6 10. Nxc6 bxc6 11. Qd3 a5 12. Qd2 Rb8 13. Rab1 Qc7 14. Bf3 Ba6 15.
Rfe1 Nd7 16. Qf2 Rb7 17. Bd4 e5 18. Be3 Rfb8 19. f5 Rxb2 20. Rxb2 Rxb2 21. fxg6
hxg6 22. Rd1 Nb6 23. Bc1 Rb4 24. Ba3 Rd4 25. Rb1 Na4 26. Nd1 Bh6 27. Qh4 Kg7
28. c3 Bd3 29. Bc1 Bxc1 30. Rxc1 Rc4 31. Kh1 Qb6 32. Qf2 Rc5 33. h4 Rb5 34. Qd2
Nc5 35. Qe3 Rb1 36. Nf2 Rxc1+ 37. Qxc1 Qb1 38. Nxd3 Qxd3 39. Qg5 Ne6 40. Qg4
Qxc3 41. h5 Qc1+ 42. Kh2 Qf4+ 0-1

[Event "Montcalm 6 2022-23"]
[Site "Quebec CAN"]
[Date "2023.03.23"]
[Round "1"]
[White "Perreault, Jacquelin"]
[Black "Pepin, Pierre-Luc"]
[Result "1-0"]
[WhiteElo "1766"]
[BlackElo "1178"]
[PlyCount "103"]
[EventDate "2023.03.23"]
[EventType "swiss"]
[EventRounds "5"]
[EventCountry "CAN"]

1. e4 e5 2. Nf3 Nc6 3. Bb5 Bc5 4. c3 Nf6 5. d4 exd4 6. cxd4 Bb6 7. Nc3 O-O 8.
O-O a6 9. Ba4 d6 10. h3 Kh8 11. Bg5 Ba7 12. Nd5 h6 13. Bxf6 gxf6 14. Qd2 Kg7
15. Rac1 Bd7 16. Nxc7 Qxc7 17. d5 Qa5 18. Qxa5 Nxa5 19. Bxd7 Rfd8 20. Bf5 b5
21. b3 Rab8 22. Rfd1 Re8 23. Nd4 Bxd4 24. Rxd4 Rb6 25. Rc7 Rb7 26. Rxb7 Nxb7
27. b4 Kf8 28. Rd3 Kg7 29. Rc3 Ra8 30. Rc7 Rb8 31. Bc8 Nd8 32. Bxa6 Rb6 33. Bc8
Rb8 34. Bd7 Rb6 35. Rc8 Nb7 36. Rb8 Kg6 37. Bc6 Kg7 38. Rxb7 Rxb7 39. Bxb7 Kf8
40. Bc6 Ke7 41. Bxb5 Kd8 42. a4 Kc7 43. a5 Kb7 44. Be8 Ka6 45. Bxf7 Kb5 46.
Be8+ Ka6 47. Bc6 Ka7 48. b5 Kb8 49. b6 Kc8 50. a6 Kb8 51. a7+ Kc8 52. a8=Q# 1-0

[Event "Montcalm 6 2022-23"]
[Site "Quebec CAN"]
[Date "2023.03.23"]
[Round "1"]
[White "Plante, Rejean"]
[Black "Auger, Julien"]
[Result "1-0"]
[WhiteElo "1895"]
[BlackElo "1573"]
[PlyCount "75"]
[EventDate "2023.03.23"]
[EventType "swiss"]
[EventRounds "5"]
[EventCountry "CAN"]

1. d4 d5 2. c4 e6 3. Nc3 Nf6 4. Bg5 Nbd7 5. e3 c6 6. Nf3 Be7 7. Qc2 O-O 8. Bd3
g6 9. O-O Qc7 10. Rac1 Re8 11. cxd5 exd5 12. Bf4 Bd6 13. Nb5 Qd8 14. Nxd6 Re6
15. Nxc8 Rxc8 16. b4 Nh5 17. Bg5 Qf8 18. b5 h6 19. Bh4 g5 20. Bg3 Nxg3 21. hxg3
f6 22. Bh7+ Kh8 23. Bf5 Rd6 24. Bxd7 Rxd7 25. bxc6 Rxc6 26. Qf5 Rdc7 27. Rxc6
Rxc6 28. Qxd5 Qc8 29. Qf7 Qc7 30. Qxc7 Rxc7 31. Rb1 Kg7 32. g4 b6 33. Rb2 Kg6
34. e4 Rd7 35. d5 h5 36. gxh5+ Kxh5 37. Nd4 f5 38. Nxf5 1-0

[Event "Montcalm 6 2022-23"]
[Site "Quebec CAN"]
[Date "2023.03.23"]
[Round "1"]
[White "Roux, Michel"]
[Black "Sarra-Bournet, Marc"]
[Result "0-1"]
[WhiteElo "1564"]
[BlackElo "1889"]
[PlyCount "104"]
[EventDate "2023.03.23"]
[EventType "swiss"]
[EventRounds "5"]
[EventCountry "CAN"]

1. d4 d5 2. Bf4 Nf6 3. e3 Bf5 4. c4 e6 5. Nc3 c6 6. Qb3 b6 7. Nf3 Bd6 8. Bg5
Nbd7 9. cxd5 exd5 10. Be2 O-O 11. O-O Rc8 12. Rac1 Re8 13. Rfe1 Nf8 14. Bh4 Ng6
15. Bg3 Bxg3 16. hxg3 Ng4 17. Qd1 Qf6 18. Rf1 Qe7 19. Qd2 Rcd8 20. Nh2 Nxh2 21.
Kxh2 Rd6 22. Bf3 Nh4 23. Qe2 Nxf3+ 24. gxf3 Rh6+ 25. Kg1 Qg5 26. f4 Qg6 27. Qf3
Bg4 28. Qg2 Qh5 29. f3 Bh3 30. Qh2 Bxf1 31. Qxh5 Rxh5 32. Rxf1 Rxe3 33. g4 Rh6
34. Kf2 Rd3 35. Re1 Kf8 36. f5 Rh2+ 37. Kg3 Rxb2 38. Ne2 Rdd2 39. Nf4 Rxd4 40.
g5 Rxa2 41. g6 hxg6 42. fxg6 Rxf4 43. Kxf4 Rg2 44. gxf7 Kxf7 45. Ra1 a5 46. Rc1
Rg6 47. Ke5 Re6+ 48. Kd4 Ke7 49. Rg1 g6 50. Rb1 Kd7 51. Rxb6 c5+ 52. Kxc5 Rxb6
0-1